Automobile Engineering Vol.2 + 2 Booklets (Record no. 351740)

MARC details
000 -LEADER
fixed length control field 00505nam a2200181Ia 4500
008 - FIXED-LENGTH DATA ELEMENTS--GENERAL INFORMATION
fixed length control field 230718s9999 xx 000 0 und d
020 ## - INTERNATIONAL STANDARD BOOK NUMBER
International Standard Book Number 9788180142512
041 ## - LANGUAGE CODE
Language code of text/sound track or separate title eng
082 ## - DEWEY DECIMAL CLASSIFICATION NUMBER
Classification number 629.2
Item number SIN
100 ## - MAIN ENTRY--PERSONAL NAME
Personal name Singh K.
9 (RLIN) 108752
245 ## - TITLE STATEMENT
Title Automobile Engineering Vol.2 + 2 Booklets
250 ## - EDITION STATEMENT
Edition statement 14th ed.
260 ## - PUBLICATION, DISTRIBUTION, ETC. (IMPRINT)
Date of publication, distribution, etc. 2018
Name of publisher, distributor, etc. Standard Publishers Distributors
300 ## - PHYSICAL DESCRIPTION
Extent 728
365 ## - TRADE PRICE
Currency code Rs.
Price amount 425.00
700 ## - ADDED ENTRY--PERSONAL NAME
Personal name Singh K.
9 (RLIN) 108752
906 ## - LOCAL DATA ELEMENT F, LDF (RLIN)
d O:0722125-Nov-2020B:578711-Nov-2020
c BMECH
b 722.5
Holdings
Withdrawn status Lost status Source of classification or shelving scheme Reference No Damaged status Not for loan Home library Current library Date acquired Vendor Budget Code Cost, normal purchase price Bill number Full call number Barcode Date last seen Discount Cost, replacement price Bill Date Koha item type Original Barcode
    Dewey Decimal Classification L-123   Library Copy Cummins College of Engineering for Women Pune Cummins College of Engineering for Women Pune 25/11/2020 Om Book Stall BMECH 352.75 5787 629.2 CCEP-BK-62951 18/07/2023 722.5 425.00 11/11/2020 Books 062951